| 000 | 00000nam 2200000za 4500 |
| 001 | 9.843365 |
| 003 | CaOODSP |
| 005 | 20221107152515 |
| 007 | cr ||||||||||| |
| 008 | 170912s2017 onc o f000 0 fre d |
| 040 | |aCaOODSP|bfre |
| 043 | |an-cn--- |
| 086 | 1 |aFR5-119/2017F-PDF |
| 245 | 00|aListe de vérification en gestion axée sur les résultats n° 1.1 |h[ressource électronique] : |bcomment évaluer ou réviser un modèle logique. |
| 260 | |a[Ottawa] : |bAffaires mondiales Canada, |c2017. |
| 300 | |a3 p. |
| 500 | |aPubl. aussi en anglais sous le titre : Results-based management checklist 1.1: how to assess and/or review a logic model. |
| 500 | |aTitre de départ. |
| 500 | |a« Dernière mise à jour : juillet 2017 » -- P. 3. |
| 500 | |aLa présente liste de vérification accompagne La gestion axée sur les résultats appliquée aux programmes d’aide internationale : un guide pratique. Veuillez consulter FR5-116/2016F-PDF. |
| 520 | |a« La présente liste de vérification accompagne Les outils de la Gestion axée sur les résultats d'Affaires mondiales Canada : Guide pratique. Elle approfondit la question des modèles logiques du guide et offre des instructions pas à pas pour vous aider à réviser et évaluer les modèles logiques. » |
| 692 | 07|2gccst|aCoopération internationale |
| 692 | 07|2gccst|aGestion de programme |
| 692 | 07|2gccst|aGestion de projet |
| 692 | 07|2gccst|aOutil de gestion |
| 710 | 1 |aCanada.|bAffaires mondiales Canada.|bCentre d'excellence de la gestion axée sur les résultats. |
| 775 | 08|tResults-based management checklist 1.1 |w(CaOODSP)9.843364 |
| 856 | 40|qPDF|s600 Ko|uhttps://publications.gc.ca/collections/collection_2017/amc-gac/FR5-119-2017-fra.pdf |